Moral issues in Business (Record no. 1987)

MARC details
005 - DATE AND TIME OF LATEST TRANSACTION
control field 20250506095543.0
020 ## - INTERNATIONAL STANDARD BOOK NUMBER
International Standard Book Number 0-495-00717-X
082 ## - DEWEY DECIMAL CLASSIFICATION NUMBER
Classification number LECT 174.4 SHA
100 ## - MAIN ENTRY--PERSONAL NAME
Author name SHAW, W, H.
245 ## - TITLE STATEMENT
Title Moral issues in Business
250 ## - EDITION STATEMENT
Edition statement 10th Ed,
260 ## - PUBLICATION, DISTRIBUTION, ETC.
Place of publication, distribution, etc. Mexico,
Name of publisher, distributor, etc. Thomson Higher Education,
Date of publication, distribution, etc. 2007,
300 ## - PHYSICAL DESCRIPTION
Extent x, 630p.: ill.; tables,
Other physical details index,
Dimensions 23cm,
700 ## - ADDED ENTRY--PERSONAL NAME
Other authors/Editors BARRY, V.
856 ## - ELECTRONIC LOCATION AND ACCESS
Link text Access Online Book
Electronic name Moral issues in Business
Path http://www.thomaonwsu.com
942 ## - ADDED ENTRY ELEMENTS (KOHA)
Source of classification or shelving scheme Dewey Decimal Classification
Koha item type Books
Holdings
Date last seen Total checkouts Full call number Barcode Cost, replacement price Price effective from Koha item type Lost status Source of classification or shelving scheme Damaged status Not for loan Withdrawn status Home library Current library Date acquired Cost, normal purchase price
05/06/2025   LECT 174.4 SHA 0000007659 120000.00 05/06/2025 Books   Dewey Decimal Classification       College of Business Education Main Library College of Business Education Main Library 11/28/2014 40000.00